000 00887nam a22002657a 4500
005 20080711111158.0
006 a|||||r|||||00| 0
008 080711t xxu||||| |||| 00| 0 eng d
010 _aENG-90578
020 _a0070263841
_c275.00
035 _aEN-74111
037 _bDBAD / PUB
040 _aDPL
_bEN
082 _a574
100 _aVinay kumar
245 _aQuestion bank in biology :
_cby Vinay Kumar
_bfor class XII /
250 _b5th ed
260 _aNew Delhi
_bTata McGraw-Hill Publishing
_c2008
270 _a7 West Patel Nagar
_bNew Delhi
_e110008
300 _axiv, 488p. :
_c24cm.(pbk)
_bill.
490 _aTata Mcgraw-Hill's question bank series
650 _aBiology
942 _2ddc
_cEN
_h574
_mVIN
999 _c14560
_d14560